00382nam a2200157Ia 4500008004100000020001500041050000900056050001600065100002500081245002300106245002400129260001200153260003400165260000900199300001600208170203s9999 xx 000 0 und d a1562931164 aFic  b.D818e 1992 aDubowski, Cathy East 4aThe Little Angel / cCathy East Dubowski aU.S.A : bMcClanahan Book Company, Inc. c1992 a 24 pages :